Código Civil: anotaciones y concordancias. Indice temático. Títulos de artículos del cuerpo del código y de las normas del apéndice

Wedi'i Gadw mewn:
Manylion Llyfryddiaeth
Awdur Corfforaethol: Chile
Awduron Eraill: Barrientos Grandón, Javier Orlando
Fformat: Llyfr
Iaith:Sbaeneg
Cyhoeddwyd: Santiago, Chile: Thomson Reuters, 2019
Rhifyn:Decimonovena edición,
Cyfres:Colección Códigos
Pynciau:
Tagiau: Ychwanegu Tag
Dim Tagiau, Byddwch y cyntaf i dagio'r cofnod hwn!

MARC

LEADER 00000cam a2200000 a 4500
001 UCC7411
003 CL-VaPUC
005 20250416110212.0
008 190329e20190000cl |||||||||||||||||spa|d
999 |c 374049  |d 374047 
020 |a 9789564000152 
040 |c Pontificia Universidad Católica de Valparaíso 
082 0 4 |a 346.83 CHI 2019  |2 21 
110 1 |a Chile  |9 890760 
245 1 0 |a Código Civil: anotaciones y concordancias. Indice temático. Títulos de artículos del cuerpo del código y de las normas del apéndice 
250 |a Decimonovena edición,  |b Actualizada al 4 de enero de 2019 
260 |a Santiago, Chile:  |b Thomson Reuters,  |c 2019 
300 |a 1218 páginas 
490 0 |a Colección Códigos 
505 |a Mensaje del Ejecutivo al Congreso proponiendo la aprobación del Código Civil. -D.F.L. N.º 1, del Ministerio de Justicia. Fija texto refundido, coordinado y sistematizado del Código Civil. -Título Preliminar. -Libro Primero. De las Personas. -Libro Segundo. De los Bienes, y de su Dominio, Posesión, Uso y Goce. -Libro Tercero. De la Sucesión por la Causa de Muerte, y de las Donaciones entre Vivos. -Libro Cuarto. De las Obligaciones en General y de los Contratos. Apéndice: -Ley sobre el Efecto Retroactivo de las Leyes. (D.O. de 7 de octubre de 1861) -Ley N.º 19.947. Establece nueva Ley de Matrimonio Civil. (D.O. de 17 de mayo de 2004) -Ley N. 20.830. Crea el Acuerdo de Unión Civil (D.O. de 21 de abril de 2015) -Ley N.º 19.477. Aprueba Ley Orgánica del Servicio de Registro Civil e Identificación. (D.O. de 19 de octubre de 1996) -Ley N.º 4.808, sobre el Registro Civil (texto refundido, coordinado y sistematizado por D.F.L. N.º 1 de 2000, D.O. de 30 de mayo de 2000) -Ley N.º 17.344. Autoriza el Cambio de Nombres y Apellidos en los casos que indica. Modifica Ley N.º 4,808, sobre Registro Civil (texto refundido, coordinado y sistematizado por D.F.L. N.º 1, D.O. de 30 de mayo de 2000) -Ley N.º 19.620. Dicta Normas sobre Adopción de Menores (D.O. de 5 de agosto de 1999) -Ley N.º 16.665. Reconstitución de Inscripciones en Registro de Conservadores de Bienes Raíces. Deroga Ley N.º 15.567. (D.O. de 8 de septiembre de 1967) -Ley N.º 19.537, sobre Copropiedad Inmobiliaria. (D.O. de 16 de diciembre de 1997) -Ley N.º 17.336. Propiedad Intelectual (D.O. de 2 de octubre de 1970) -Ley N.º 18.101. Fija Normas Especiales sobre Arrendamiento de Predios Urbanos. (D.O. de 29 de enero de 1982) -Ley N.º 19.281. Establece Normas sobre Arrendamiento de Viviendas con Promesa de Compraventa. (D.O. de 27 de diciembre de 1993) -Ley N.º 20.190 (artículo 14). Dicta Normas sobre Prenda sin Desplazamiento y crea el Registro de Prendas sin desplazamiento. (D.O. de 5 de junio de 2007) -Ley N.º 18.010. Establece Normas para las Operaciones de Crédito y otras Obligaciones de Dinero que indica. (D.O. de 27 de junio de 1981) -Ley N.º 19.799. Sobre Documentos Electrónicos, Firma Electrónica y Servicios de Certificación de dicha Firma. (D.O. de 12 de abril de 2002) -Ley N.º 19.253. Establece Normas sobre Protección, Fomento y Desarrollo de los Indígenas, y crea la Corporación Nacional de Desarrollo Indígena. (D.O. de 5 de octubre de 1993) -Ley N.º 21.120. Reconoce y da protección al derecho a la identidad de género (D.O. de 10 de diciembre de 2018) 
583 |a last modification  |c 20190729 12:01:58  |k Rodrigo Vera 
650 0 |a Código civil chileno  |9 255931 
650 0 |a Derecho civil chileno  |9 320612 
650 0 |a Derecho de familia   |z Chile  |9 868790 
650 0 |a Derecho de bienes  |z Chile  |9 890479 
650 0 |a Derecho sucesorio  |z Chile  |9 890480 
650 0 |a Derecho de las obligaciones  |z Chile  |9 890482 
700 |a Barrientos Grandón, Javier Orlando  |9 890771 
942 |c BK  |2 ddc 
945 |d 20190329 16:06:00  |a dcastane 
952 |0 0  |1 0  |3 erb  |4 0  |6 346_830000000000000_CHI_2019  |7 0  |8 R  |9 492407  |a BIBDER  |b BIBDER  |i 5539331  |l 4  |m 2  |o 346.83 CHI 2019  |p 5539331  |r 2025-04-22  |s 2025-04-22  |w 2019-11-24  |y BK_R  |z Catalogado en:20190329  |k DER